| 000 | 01088nam a22003611i 4500 | ||
|---|---|---|---|
| 999 |
_c2689 _d2689 |
||
| 001 | 020651416 | ||
| 003 | UkOxU | ||
| 005 | 20230810100001.0 | ||
| 008 | 151208s2016 enkab j 001|0|eng|d | ||
| 015 |
_aGBB617443 _2bnb |
||
| 016 | 7 |
_a017727106 _2Uk |
|
| 020 | _a9781849074063 (hbk.) | ||
| 035 | _a(Uk)017727106 | ||
| 040 |
_aStDuBDS _beng _erda _cStDuBDS _dUk |
||
| 042 | _aukblsr | ||
| 082 | 0 | 4 | _a912 MAP |
| 100 |
_aMaps, Philip, _eauthor. |
||
| 245 | 0 | 0 |
_aPhilip's essential school atlas/ _cPhilip's Maps. |
| 246 | 3 | 0 | _aEssential school atlas |
| 250 | _aNew edition. | ||
| 264 | 1 |
_aLondon : _bPhilip's, _c2016. |
|
| 300 |
_a1 volume : _bchiefly maps (colour), illustrations (black and white, and colour) ; _c30 cm |
||
| 336 |
_atext _2rdacontent |
||
| 336 |
_astill image _2rdacontent |
||
| 336 |
_acartographic image _2rdacontent |
||
| 337 |
_aunmediated _2rdamedia |
||
| 338 |
_avolume _2rdacarrier |
||
| 500 | _aIncludes index. | ||
| 521 | 2 | _aKey Stage 3. | |
| 650 | 0 | _aChildren's atlases. | |
| 710 | 2 | _aRoyal Geographical Society (Great Britain) | |
| 942 |
_2ddc _cTR |
||